<?xml version="1.0" encoding="UTF-8"?>
<record
    xmlns:xsi="http://www.w3.org/2001/XMLSchema-instance"
    xsi:schemaLocation="http://www.loc.gov/MARC21/slim http://www.loc.gov/standards/marcxml/schema/MARC21slim.xsd"
    xmlns="http://www.loc.gov/MARC21/slim">

  <leader>01793nam a2200253Ia 4500</leader>
  <controlfield tag="001">b5537-37385 </controlfield>
  <controlfield tag="003">IT-MiCISF</controlfield>
  <controlfield tag="005">20260430104012.0</controlfield>
  <controlfield tag="008">161014s9999||||xx |||||||||||||| ||und||</controlfield>
  <datafield tag="040" ind1=" " ind2=" ">
    <subfield code="a">IT-MiCISF</subfield>
    <subfield code="c">IT-MiCISF</subfield>
  </datafield>
  <datafield tag="041" ind1=" " ind2=" ">
    <subfield code="a">it</subfield>
  </datafield>
  <datafield tag="100" ind1=" " ind2=" ">
    <subfield code="a">Allievi Stefano (a cura di)</subfield>
    <subfield code="9">60514</subfield>
  </datafield>
  <datafield tag="245" ind1=" " ind2="0">
    <subfield code="a">Donne e religioni.</subfield>
    <subfield code="b">Il valore delle differenze</subfield>
  </datafield>
  <datafield tag="260" ind1=" " ind2=" ">
    <subfield code="a">Bologna,</subfield>
    <subfield code="b">EMI,</subfield>
    <subfield code="c">2002</subfield>
  </datafield>
  <datafield tag="300" ind1=" " ind2=" ">
    <subfield code="a">pp. 176</subfield>
  </datafield>
  <datafield tag="500" ind1=" " ind2=" ">
    <subfield code="a"> / donna, religione, religioni-non-cristiane, societ&#xE0;, famiglia / </subfield>
  </datafield>
  <datafield tag="501" ind1=" " ind2=" ">
    <subfield code="a">Interventi del settimo incontro cristiano-musulmano "Maschio e femmina li cre&#xF2;" (gen. 1,28) egli &#xE8; colui che vi ha creati da un solo essere (Cor VI, 189). Genere, religioni e valorizzazione delle differenze, Modena 16-17.11.2001</subfield>
  </datafield>
  <datafield tag="520" ind1=" " ind2=" ">
    <subfield code="a">Il femminile del religioso &#xE8; messo in ombra, spesso quasi scompare. Quando anche &#xE8; nei testi, viene occultato nella storia, ma oggi viene riscoperto grazie al paziente lavoro di recupero e di messa in valore delle donne delle religioni. In questo libro, che contiene gli interventi del settimo incontro cristiano-musulmano, sul tema "Maschio e femmina li cre&#xF2;", non si parla solo di donne e religioni, ma della fatica dell'incontro tra uomini e donne, tra questi e il messaggio che Dio ha affidato loro, tra questo e i libri che lo contengono, tra questi e le religioni che storicamente lo esprimono. In definitiva, di come le religioni indicono sugli uomini e sulle donne, e di come si possano valorizzare le differenze.</subfield>
  </datafield>
  <datafield tag="650" ind1=" " ind2=" ">
    <subfield code="a">Donna</subfield>
  </datafield>
  <datafield tag="654" ind1=" " ind2=" ">
    <subfield code="a">saggio</subfield>
  </datafield>
  <datafield tag="700" ind1=" " ind2=" ">
    <subfield code="a">Allievi S., Breigheche N., Chiaia L., Fal&#xE0; M.A., Fasoli M.G., Di Ges&#xF9; F., Frisina A., Khatkhouta S., </subfield>
    <subfield code="a">Piccardo H.R., Prezzi L., Salvarani B., Stringhini N., Triantafyllu A.A., Luzzatti L.V.</subfield>
    <subfield code="9">63797</subfield>
  </datafield>
  <datafield tag="942" ind1=" " ind2=" ">
    <subfield code="c">BK</subfield>
    <subfield code="2">ddc</subfield>
  </datafield>
  <datafield tag="999" ind1=" " ind2=" ">
    <subfield code="c">211600</subfield>
    <subfield code="d">211600</subfield>
  </datafield>
  <datafield tag="999" ind1=" " ind2=" ">
    <subfield code="b">si</subfield>
  </datafield>
  <datafield tag="952" ind1=" " ind2=" ">
    <subfield code="0">0</subfield>
    <subfield code="1">0</subfield>
    <subfield code="4">0</subfield>
    <subfield code="6">B_553737385</subfield>
    <subfield code="7">1</subfield>
    <subfield code="a">CISF</subfield>
    <subfield code="b">CISF</subfield>
    <subfield code="d">2016-10-14</subfield>
    <subfield code="l">0</subfield>
    <subfield code="o">b5537-37385 </subfield>
    <subfield code="r">2016-10-14 00:00:00</subfield>
    <subfield code="w">2016-10-14</subfield>
    <subfield code="y">BK</subfield>
    <subfield code="z">Data import 15.10.2016 / by Epidotti, Vaglietti</subfield>
  </datafield>
</record>
